<?xml version="1.0" encoding="UTF-8"?>
<collection xmlns="http://www.loc.gov/MARC21/slim">
 <record>
  <leader>02355nam a22006497a 4500</leader>
  <controlfield tag="001">000262222</controlfield>
  <controlfield tag="003">CZ-PrVSE</controlfield>
  <controlfield tag="005">20150310144612.0</controlfield>
  <controlfield tag="007">ta</controlfield>
  <controlfield tag="008">140821s2014    xr     fr     001 0 cze d</controlfield>
  <datafield tag="015" ind1=" " ind2=" ">
   <subfield code="a">cnb002591899</subfield>
  </datafield>
  <datafield tag="020" ind1=" " ind2=" ">
   <subfield code="a">978-80-7308-508-7</subfield>
   <subfield code="q">(brož.)</subfield>
  </datafield>
  <datafield tag="035" ind1=" " ind2=" ">
   <subfield code="a">(OCoLC)892780987</subfield>
  </datafield>
  <datafield tag="040" ind1=" " ind2=" ">
   <subfield code="a">ABA006</subfield>
   <subfield code="b">cze</subfield>
   <subfield code="c">ABA006</subfield>
   <subfield code="d">ABA006</subfield>
  </datafield>
  <datafield tag="041" ind1="0" ind2=" ">
   <subfield code="a">cze</subfield>
   <subfield code="b">eng</subfield>
  </datafield>
  <datafield tag="072" ind1=" " ind2="7">
   <subfield code="a">94(495/498)</subfield>
   <subfield code="x">Dějiny států a území na Balkánském poloostrově</subfield>
   <subfield code="2">Konspekt</subfield>
   <subfield code="9">8</subfield>
  </datafield>
  <datafield tag="072" ind1=" " ind2="9">
   <subfield code="a">949</subfield>
   <subfield code="x">Other parts of Europe, Balkan Peninsula</subfield>
   <subfield code="2">Conspectus</subfield>
   <subfield code="9">8</subfield>
  </datafield>
  <datafield tag="080" ind1=" " ind2=" ">
   <subfield code="a">328/329</subfield>
   <subfield code="2">MRF_2003</subfield>
  </datafield>
  <datafield tag="080" ind1=" " ind2=" ">
   <subfield code="a">323.1</subfield>
   <subfield code="2">MRF_2003</subfield>
  </datafield>
  <datafield tag="080" ind1=" " ind2=" ">
   <subfield code="a">308</subfield>
   <subfield code="2">MRF_2003</subfield>
  </datafield>
  <datafield tag="080" ind1=" " ind2=" ">
   <subfield code="a">94(497.115)</subfield>
   <subfield code="2">MRF_2003</subfield>
  </datafield>
  <datafield tag="080" ind1=" " ind2=" ">
   <subfield code="a">94(497.1)</subfield>
   <subfield code="2">MRF_2003</subfield>
  </datafield>
  <datafield tag="080" ind1=" " ind2=" ">
   <subfield code="a">(497.115)</subfield>
   <subfield code="2">MRF_2003</subfield>
  </datafield>
  <datafield tag="080" ind1=" " ind2=" ">
   <subfield code="a">(497.1)</subfield>
   <subfield code="2">MRF_2003</subfield>
  </datafield>
  <datafield tag="080" ind1=" " ind2=" ">
   <subfield code="a">(048.8)</subfield>
   <subfield code="2">MRF_2003</subfield>
  </datafield>
  <datafield tag="099" ind1=" " ind2="9">
   <subfield code="a">940PEL</subfield>
  </datafield>
  <datafield tag="100" ind1="1" ind2=" ">
   <subfield code="a">Pelikán, Jan,</subfield>
   <subfield code="d">1959-</subfield>
   <subfield code="7">xx0001279</subfield>
   <subfield code="4">aut</subfield>
  </datafield>
  <datafield tag="245" ind1="1" ind2="0">
   <subfield code="a">Novými cestami :</subfield>
   <subfield code="b">Kosovo v letech 1958-1969 /</subfield>
   <subfield code="c">Jan Pelikán</subfield>
  </datafield>
  <datafield tag="246" ind1="3" ind2="0">
   <subfield code="a">Kosovo v letech 1958-1969</subfield>
  </datafield>
  <datafield tag="250" ind1=" " ind2=" ">
   <subfield code="a">Vyd. 1.</subfield>
  </datafield>
  <datafield tag="260" ind1=" " ind2=" ">
   <subfield code="a">Praha :</subfield>
   <subfield code="b">Filozofická fakulta Univerzity Karlovy,</subfield>
   <subfield code="c">2014</subfield>
  </datafield>
  <datafield tag="300" ind1=" " ind2=" ">
   <subfield code="a">400 s.</subfield>
  </datafield>
  <datafield tag="490" ind1="1" ind2=" ">
   <subfield code="a">Práce Filozofické fakulty Univerzity Karlovy. Varia ;</subfield>
   <subfield code="v">sv. 22</subfield>
  </datafield>
  <datafield tag="504" ind1=" " ind2=" ">
   <subfield code="a">Obsahuje bibliografii, bibliografické odkazy a rejstřík</subfield>
  </datafield>
  <datafield tag="546" ind1=" " ind2=" ">
   <subfield code="a">Anglické resumé</subfield>
  </datafield>
  <datafield tag="550" ind1=" " ind2=" ">
   <subfield code="a">Vydavatel: Filozofická fakulta Univerzity Karlovy</subfield>
  </datafield>
  <datafield tag="648" ind1=" " ind2="4">
   <subfield code="a">1958-1969</subfield>
  </datafield>
  <datafield tag="650" ind1="0" ind2="7">
   <subfield code="a">politika a vláda</subfield>
   <subfield code="7">ph137641</subfield>
   <subfield code="2">czenas</subfield>
  </datafield>
  <datafield tag="650" ind1="0" ind2="7">
   <subfield code="a">národnostní poměry</subfield>
   <subfield code="7">ph137633</subfield>
   <subfield code="2">czenas</subfield>
  </datafield>
  <datafield tag="650" ind1="0" ind2="7">
   <subfield code="a">sociální poměry</subfield>
   <subfield code="7">ph137653</subfield>
   <subfield code="2">czenas</subfield>
  </datafield>
  <datafield tag="650" ind1="0" ind2="7">
   <subfield code="a">dějiny</subfield>
   <subfield code="7">ph114390</subfield>
   <subfield code="2">czenas</subfield>
  </datafield>
  <datafield tag="651" ind1=" " ind2="7">
   <subfield code="a">Kosovo</subfield>
   <subfield code="7">ge129640</subfield>
   <subfield code="2">czenas</subfield>
  </datafield>
  <datafield tag="651" ind1=" " ind2="7">
   <subfield code="a">Jugoslávie</subfield>
   <subfield code="7">ge129499</subfield>
   <subfield code="2">czenas</subfield>
  </datafield>
  <datafield tag="655" ind1=" " ind2="7">
   <subfield code="a">monografie</subfield>
   <subfield code="7">fd132842</subfield>
   <subfield code="2">czenas</subfield>
  </datafield>
  <datafield tag="650" ind1="0" ind2="9">
   <subfield code="a">politics and government</subfield>
   <subfield code="2">eczenas</subfield>
  </datafield>
  <datafield tag="650" ind1="0" ind2="9">
   <subfield code="a">nationalities relations</subfield>
   <subfield code="2">eczenas</subfield>
  </datafield>
  <datafield tag="650" ind1="0" ind2="9">
   <subfield code="a">social conditions</subfield>
   <subfield code="2">eczenas</subfield>
  </datafield>
  <datafield tag="650" ind1="0" ind2="9">
   <subfield code="a">history</subfield>
   <subfield code="2">eczenas</subfield>
  </datafield>
  <datafield tag="651" ind1=" " ind2="9">
   <subfield code="a">Kosovo</subfield>
   <subfield code="2">eczenas</subfield>
  </datafield>
  <datafield tag="651" ind1=" " ind2="9">
   <subfield code="a">Yugoslavia</subfield>
   <subfield code="2">eczenas</subfield>
  </datafield>
  <datafield tag="655" ind1=" " ind2="9">
   <subfield code="a">monographs</subfield>
   <subfield code="2">eczenas</subfield>
  </datafield>
  <datafield tag="710" ind1="2" ind2=" ">
   <subfield code="a">Univerzita Karlova.</subfield>
   <subfield code="b">Filozofická fakulta</subfield>
   <subfield code="7">kn20010710340</subfield>
  </datafield>
  <datafield tag="810" ind1="2" ind2=" ">
   <subfield code="a">Univerzita Karlova.</subfield>
   <subfield code="b">Filozofická fakulta.</subfield>
   <subfield code="t">Varia</subfield>
  </datafield>
  <datafield tag="993" ind1=" " ind2=" ">
   <subfield code="a">006292692</subfield>
  </datafield>
  <datafield tag="996" ind1=" " ind2=" ">
   <subfield code="1">PSTUD</subfield>
   <subfield code="3">F219581</subfield>
   <subfield code="4">N:P</subfield>
   <subfield code="5">3142279110</subfield>
   <subfield code="8">20141127</subfield>
   <subfield code="9">940PEL</subfield>
   <subfield code="f">81</subfield>
   <subfield code="g">40045</subfield>
   <subfield code="l">UEP01</subfield>
   <subfield code="m">BOOK</subfield>
   <subfield code="q">Studovna Žižkov</subfield>
   <subfield code="t">na 1 měsíc</subfield>
   <subfield code="u">UEP01</subfield>
   <subfield code="w">20141216</subfield>
  </datafield>
 </record>
</collection>
